[Event "Liga Madrileña - DH 2014-2015"]
[Site "Madrid ESP"]
[Date "2015.03.01"]
[Round "12.42"]
[White "Alarcia Astiz, Carlos"]
[Black "Arribas Lopez, Angel"]
[Result "0-1"]
[WhiteElo "2337"]
[BlackElo "2537"]
[PlyCount "52"]
[EventDate "2014.11.23"]
[EventType "team-tourn"]
[EventRounds "14"]
[EventCountry "ESP"]
[Source "lmi"]
[SourceDate "2014.11.23"]
[WhiteTeam "Blanco y Negro"]
[BlackTeam "Collado Villalba"]
[WhiteTeamCountry "ESP"]
[BlackTeamCountry "ESP"]

1. d4 e6 2. c4 d5 3. Nc3 Bb4 4. Qb3 c5 5. cxd5 exd5 6. dxc5 Nc6 7. a3 Ba5 8.
Bd2 Nf6 9. Qc2 d4 10. Nb1 O-O 11. b4 Bc7 12. Nf3 Re8 13. Bg5 h6 14. Bh4 Bg4 15.
Nbd2 d3 16. Qd1 g5 17. Bg3 Bxg3 18. hxg3 Nd4 19. Nxd4 Qxd4 20. f3 Bf5 21. e4
Bxe4 22. fxe4 Nxe4 23. Nxe4 Rxe4+ 24. Kd2 Qb2+ 25. Kxd3 Rd4+ 26. Ke3 Re8+ 0-1

[Event "Liga Madrileña - DH 2014-2015"]
[Site "Madrid ESP"]
[Date "2015.03.01"]
[Round "12.43"]
[White "Moreno Ruiz, Javier"]
[Black "Renteria Becerra, Jorge Elicer"]
[Result "1-0"]
[WhiteElo "2470"]
[BlackElo "2253"]
[PlyCount "75"]
[EventDate "2014.11.23"]
[EventType "team-tourn"]
[EventRounds "14"]
[EventCountry "ESP"]
[Source "lmi"]
[SourceDate "2014.11.23"]
[WhiteTeam "Collado Villalba"]
[BlackTeam "Blanco y Negro"]
[WhiteTeamCountry "ESP"]
[BlackTeamCountry "ESP"]

1. d4 Nf6 2. c4 c5 3. d5 b5 4. cxb5 a6 5. bxa6 g6 6. Nc3 Bxa6 7. Nf3 d6 8. e4
Bxf1 9. Kxf1 Bg7 10. g3 O-O 11. Kg2 Nbd7 12. a4 Ra6 13. Re1 Qa8 14. Bd2 Rc8 15.
b3 e6 16. dxe6 fxe6 17. Rc1 d5 18. exd5 exd5 19. Nb5 Ne4 20. Bf4 Rf6 21. Nc7
Rxc7 22. Bxc7 d4 23. Qe2 Re6 24. Qd3 g5 25. Qc4 Nf8 26. Kg1 h6 27. Re2 g4 28.
Rce1 Kh8 29. Qc2 Nxf2 30. Rxf2 gxf3 31. Rxe6 Nxe6 32. Bf4 Nxf4 33. gxf4 d3 34.
Qxd3 Bd4 35. Kf1 Qg8 36. Qxf3 Qg6 37. f5 Qg5 38. Qf4 1-0

[Event "Liga Madrileña - DH 2014-2015"]
[Site "Madrid ESP"]
[Date "2015.03.01"]
[Round "12.44"]
[White "Bernal Viton, Daniel"]
[Black "Ortega Ruiz, Jose Miguel"]
[Result "0-1"]
[WhiteElo "1733"]
[BlackElo "2339"]
[PlyCount "80"]
[EventDate "2014.11.23"]
[EventType "team-tourn"]
[EventRounds "14"]
[EventCountry "ESP"]
[Source "lmi"]
[SourceDate "2014.11.23"]
[WhiteTeam "Blanco y Negro"]
[BlackTeam "Collado Villalba"]
[WhiteTeamCountry "ESP"]
[BlackTeamCountry "ESP"]

1. d4 g6 2. Nf3 Bg7 3. g3 Nf6 4. Bg2 O-O 5. O-O d6 6. b3 c6 7. Nbd2 Re8 8. Bb2
Qc7 9. c3 e5 10. dxe5 dxe5 11. e4 a5 12. Qc2 a4 13. c4 Na6 14. Bc3 Bf8 15. Rad1
Nd7 16. Ne1 Nb4 17. Qb1 axb3 18. axb3 Qb6 19. Nd3 Nxd3 20. Qxd3 Nc5 21. Qc2 Bg4
22. Rb1 Be2 23. b4 Nd3 24. Nf3 Bxf1 25. Bxf1 Nxb4 26. Bxb4 Bxb4 27. c5 Qxc5 28.
Qxc5 Bxc5 29. Rxb7 Ra2 30. Bg2 Rxf2 31. Kh1 Ra8 32. Rb1 Raa2 33. Ne1 Be3 34. h4
c5 35. Rb3 Rae2 36. Rxe3 Rxe3 37. Kg1 Rxg2+ 38. Nxg2 Rxg3 39. Kf2 Rxg2+ 40.
Kxg2 Kg7 0-1

[Event "Liga Madrileña - DH 2014-2015"]
[Site "Madrid ESP"]
[Date "2015.03.01"]
[Round "12.45"]
[White "Martinez Rodriguez, Pablo"]
[Black "Arpa Gonzalez, Enrique M"]
[Result "1/2-1/2"]
[WhiteElo "2281"]
[BlackElo "1709"]
[PlyCount "91"]
[EventDate "2014.11.23"]
[EventType "team-tourn"]
[EventRounds "14"]
[EventCountry "ESP"]
[Source "lmi"]
[SourceDate "2014.11.23"]
[WhiteTeam "Collado Villalba"]
[BlackTeam "Blanco y Negro"]
[WhiteTeamCountry "ESP"]
[BlackTeamCountry "ESP"]

1. f4 d5 2. Nf3 Nf6 3. g3 e6 4. Bg2 Bd6 5. O-O O-O 6. d3 c6 7. Nc3 Nbd7 8. e4
Bc7 9. Kh1 dxe4 10. dxe4 e5 11. f5 Nc5 12. Qe2 Qe7 13. b4 Ncd7 14. b5 Ba5 15.
Nd1 cxb5 16. Qxb5 Qc5 17. Qxc5 Nxc5 18. Nxe5 Ncxe4 19. Nc4 Bc7 20. Bb2 Rb8 21.
Nc3 Nxc3 22. Bxc3 Nd7 23. Rad1 b6 24. Nd6 Nc5 25. Nxc8 Rbxc8 26. Bd5 Rcd8 27.
f6 g6 28. Rfe1 Rd7 29. Re7 Bd8 30. Rxd7 Nxd7 31. Bf3 Bxf6 32. Rxd7 Bxc3 33.
Rxa7 Rd8 34. Rb7 Bd4 35. Be2 Rc8 36. Bd3 Kf8 37. Rd7 Bb2 38. Rd6 Rb8 39. Bb5
Ba3 40. Rd7 Rc8 41. Ba4 Bc5 42. Rb7 Rd8 43. Bb3 Rd1+ 44. Kg2 Rd2+ 45. Kh3 Rf2
46. Bd5 1/2-1/2

[Event "Liga Madrileña - DH 2014-2015"]
[Site "Madrid ESP"]
[Date "2015.03.01"]
[Round "12.46"]
[White "Alvarez Grande, Juan"]
[Black "Bermejo Arruego, Luis"]
[Result "0-1"]
[WhiteElo "1548"]
[BlackElo "2174"]
[PlyCount "54"]
[EventDate "2014.11.23"]
[EventType "team-tourn"]
[EventRounds "14"]
[EventCountry "ESP"]
[Source "lmi"]
[SourceDate "2014.11.23"]
[WhiteTeam "Blanco y Negro"]
[BlackTeam "Collado Villalba"]
[WhiteTeamCountry "ESP"]
[BlackTeamCountry "ESP"]

1. e4 c5 2. c4 Nc6 3. Ne2 e5 4. g3 d6 5. Nbc3 Bg4 6. d3 Bf3 7. Rg1 Qd7 8. Bg2
Bxg2 9. Rxg2 Qh3 10. Kf1 g6 11. Nd5 Rc8 12. Ng1 Qe6 13. f4 Bg7 14. Rf2 Nge7 15.
f5 gxf5 16. exf5 Nxf5 17. Qg4 Ncd4 18. Ne2 Nxe2 19. Qxe2 Ne7 20. Qf3 Nxd5 21.
cxd5 Qg6 22. Bd2 O-O 23. Rc1 f5 24. Qe2 Rce8 25. Bc3 e4 26. Bxg7 Qxg7 27. Qd2
e3 0-1

[Event "Liga Madrileña - DH 2014-2015"]
[Site "Madrid ESP"]
[Date "2015.03.07"]
[Round "13.12"]
[White "Fraga Castro, Jose Carlos"]
[Black "Espinosa Aranda, Angel"]
[Result "0-1"]
[WhiteElo "2174"]
[BlackElo "2399"]
[PlyCount "190"]
[EventDate "2014.11.23"]
[EventType "team-tourn"]
[EventRounds "14"]
[EventCountry "ESP"]
[Source "lmi"]
[SourceDate "2014.11.23"]
[WhiteTeam "Moratalaz"]
[BlackTeam "64 Villalba"]
[WhiteTeamCountry "ESP"]
[BlackTeamCountry "ESP"]

1. e4 c5 2. Nc3 Nc6 3. Nge2 g6 4. d4 cxd4 5. Nxd4 Bg7 6. Be3 Nf6 7. Nxc6 bxc6
8. e5 Ng8 9. Bd4 c5 10. Bxc5 Qc7 11. Bd4 Bxe5 12. f4 Bxd4 13. Qxd4 Nf6 14. Bd3
Qb6 15. Qxb6 axb6 16. O-O O-O 17. Nb5 Bb7 18. Rfe1 e6 19. Nd6 Bc6 20. c4 Ne8
21. Ne4 Nc7 22. a3 Rfd8 23. Rac1 Kg7 24. g3 Ne8 25. c5 Rdb8 26. cxb6 Rxb6 27.
Re2 Ra4 28. Kf2 Rd4 29. Rc3 Nc7 30. Ke3 Ra4 31. Rc1 Nd5+ 32. Kf2 Rd4 33. Bb1
Ra4 34. Nc5 Ra8 35. Be4 Nf6 36. Bxc6 Rxc6 37. Nd3 Rb6 38. Rc4 Rb3 39. Nc5 Rb5
40. Na4 d5 41. Rd4 Ne4+ 42. Kg2 Rba5 43. b3 Rb5 44. Rd3 Rc8 45. Kf1 h5 46. b4
h4 47. g4 Nf6 48. Nc3 Rbb8 49. h3 Rc4 50. Rf3 Rbc8 51. Na4 Ne4 52. Nb6 Rc1+ 53.
Kg2 R8c6 54. Nd7 Ra1 55. Nc5 Nxc5 56. Rc3 d4 57. Rxc5 d3 58. Rd2 Rxc5 59. bxc5
Rxa3 60. c6 Rc3 61. Kf3 Kf6 62. c7 Rxc7 63. Rxd3 g5 64. Ra3 Rc5 65. Rb3 Kg6 66.
Ra3 f6 67. Rb3 Rc4 68. fxg5 Kxg5 69. Ra3 e5 70. Rb3 Rf4+ 71. Ke2 Rd4 72. Ke3
Ra4 73. Kf3 Ra1 74. Ke3 Rh1 75. Kf2 f5 76. Kg2 Rd1 77. gxf5 Kxf5 78. Kf3 e4+
79. Ke3 Re1+ 80. Kf2 Rh1 81. Kg2 Rc1 82. Ra3 Rc2+ 83. Kf1 Kf4 84. Ra8 Kf3 85.
Rf8+ Ke3 86. Rh8 Rf2+ 87. Kg1 Rf4 88. Kg2 Ke2 89. Rh7 e3 90. Rd7 Rf2+ 91. Kg1
Rf3 92. Kg2 Rg3+ 93. Kh2 Kf2 94. Rd1 e2 95. Rg1 Rxh3+ 0-1

[Event "Liga Madrileña - DH 2014-2015"]
[Site "Madrid ESP"]
[Date "2015.03.07"]
[Round "13.13"]
[White "Napoli, Nicolo"]
[Black "Gonzalez Rivera, Eduardo"]
[Result "1-0"]
[WhiteElo "2270"]
[BlackElo "2092"]
[PlyCount "41"]
[EventDate "2014.11.23"]
[EventType "team-tourn"]
[EventRounds "14"]
[EventCountry "ESP"]
[Source "lmi"]
[SourceDate "2014.11.23"]
[WhiteTeam "64 Villalba"]
[BlackTeam "Moratalaz"]
[WhiteTeamCountry "ESP"]
[BlackTeamCountry "ESP"]

1. d4 Nf6 2. c4 g6 3. Nc3 d5 4. cxd5 Nxd5 5. h4 Bg7 6. h5 Nxc3 7. bxc3 c5 8. e3
Nc6 9. Bc4 cxd4 10. cxd4 b5 11. Bxf7+ Kxf7 12. Qf3+ Ke8 13. hxg6 Nxd4 14. Qf7+
Kd7 15. exd4 Bxd4 16. g7 Bxa1 17. Qd5+ Ke8 18. Qh5+ Kd7 19. Qxb5+ Ke6 20. Qc4+
Kd7 21. Rh5 1-0

[Event "Liga Madrileña - DH 2014-2015"]
[Site "Madrid ESP"]
[Date "2015.03.07"]
[Round "13.14"]
[White "Cortes Jurado, Rafael"]
[Black "Lopez del Alamo, Antonio"]
[Result "1-0"]
[WhiteElo "2058"]
[BlackElo "2260"]
[PlyCount "55"]
[EventDate "2014.11.23"]
[EventType "team-tourn"]
[EventRounds "14"]
[EventCountry "ESP"]
[Source "lmi"]
[SourceDate "2014.11.23"]
[WhiteTeam "Moratalaz"]
[BlackTeam "64 Villalba"]
[WhiteTeamCountry "ESP"]
[BlackTeamCountry "ESP"]

1. d4 Nf6 2. c4 g6 3. Nc3 Bg7 4. Bg5 O-O 5. Nf3 c5 6. e3 cxd4 7. exd4 d5 8.
cxd5 Nxd5 9. Be2 Nc6 10. O-O Be6 11. Qd2 Re8 12. Rfe1 Rc8 13. Bc4 Qd7 14. Bb3
b6 15. Re2 Nxc3 16. bxc3 Bd5 17. Re3 e6 18. Ne5 Nxe5 19. dxe5 Qc6 20. Bxd5 exd5
21. Rae1 Re6 22. f4 Rce8 23. Qf2 Qc4 24. Qh4 f6 25. Bh6 g5 26. Qh5 Bxh6 27.
Qxh6 Qxf4 28. exf6 1-0

[Event "Liga Madrileña - DH 2014-2015"]
[Site "Madrid ESP"]
[Date "2015.03.07"]
[Round "13.15"]
[White "Cabanas Jimenez, Andres"]
[Black "Garcia Ruido, Ricardo"]
[Result "1-0"]
[WhiteElo "2212"]
[BlackElo "2053"]
[PlyCount "67"]
[EventDate "2014.11.23"]
[EventType "team-tourn"]
[EventRounds "14"]
[EventCountry "ESP"]
[Source "lmi"]
[SourceDate "2014.11.23"]
[WhiteTeam "64 Villalba"]
[BlackTeam "Moratalaz"]
[WhiteTeamCountry "ESP"]
[BlackTeamCountry "ESP"]

1. e4 c5 2. Nc3 Nc6 3. g3 g6 4. d3 Bg7 5. Bg2 d6 6. Nh3 e6 7. O-O Nge7 8. Be3
O-O 9. f4 Nd4 10. Qd2 Nec6 11. a3 Rb8 12. Rae1 b5 13. e5 dxe5 14. Bxc6 Nxc6 15.
Bxc5 exf4 16. Bxf8 Bd4+ 17. Kh1 Qxf8 18. Nxf4 Qh6 19. Ne4 Bxb2 20. c3 Bxa3 21.
Nf6+ Kh8 22. Qf2 Bb7 23. Kg1 Bd6 24. Ne4 Bc7 25. Nc5 Bb6 26. d4 Bxc5 27. dxc5
Qg5 28. Nd3 Nd8 29. Ne5 f5 30. Rd1 Kg8 31. h4 Qe7 32. Rd7 Qe8 33. Qd4 Bd5 34.
Ng4 1-0

[Event "Liga Madrileña - DH 2014-2015"]
[Site "Madrid ESP"]
[Date "2015.03.07"]
[Round "13.16"]
[White "Cobo Diego, Fidel"]
[Black "Cabanas Jimenez, Manuel"]
[Result "1-0"]
[WhiteElo "2035"]
[BlackElo "2127"]
[PlyCount "87"]
[EventDate "2014.11.23"]
[EventType "team-tourn"]
[EventRounds "14"]
[EventCountry "ESP"]
[Source "lmi"]
[SourceDate "2014.11.23"]
[WhiteTeam "Moratalaz"]
[BlackTeam "64 Villalba"]
[WhiteTeamCountry "ESP"]
[BlackTeamCountry "ESP"]

1. e4 c5 2. Nf3 Qa5 3. Nc3 e6 4. d4 Nf6 5. Bd2 cxd4 6. Nxd4 Nxe4 7. Nxe4 Qe5 8.
Qe2 Qxd4 9. Bc3 Bb4 10. Rd1 Qb6 11. Bxb4 Qxb4+ 12. c3 Qa5 13. Nd6+ Ke7 14. Qf3
Qe5+ 15. Be2 Qf6 16. Nxc8+ Rxc8 17. Qxb7 Nc6 18. Qxd7+ Kf8 19. Qd6+ Ne7 20. O-O
Kg8 21. Bf3 Rab8 22. Be4 g6 23. b3 Nf5 24. Bxf5 Qxf5 25. c4 Qa5 26. Qd2 Qa3 27.
Qe2 a5 28. Rd7 Rd8 29. Rxd8+ Rxd8 30. g3 a4 31. bxa4 Qxa4 32. Rc1 Ra8 33. Rc2
Rb8 34. c5 Rb1+ 35. Kg2 Qc6+ 36. f3 h5 37. Kh3 Rb4 38. Kg2 Rb1 39. Qd3 Rb5 40.
Qd6 Qxd6 41. cxd6 Rd5 42. Rc6 Rd2+ 43. Kf1 Rxa2 44. d7 1-0

[Event "Liga Madrileña - DH 2014-2015"]
[Site "Madrid ESP"]
[Date "2015.03.08"]
[Round "13.21"]
[White "Fernandez Lledo, Javier"]
[Black "Candela Perez, Jose"]
[Result "0-1"]
[WhiteElo "2256"]
[BlackElo "2430"]
[PlyCount "116"]
[EventDate "2014.11.23"]
[EventType "team-tourn"]
[EventRounds "14"]
[EventCountry "ESP"]
[Source "lmi"]
[SourceDate "2014.11.23"]
[WhiteTeam "Pueblo Nuevo"]
[BlackTeam "La Casa del Ajedrez"]
[WhiteTeamCountry "ESP"]
[BlackTeamCountry "ESP"]

1. e4 c5 2. Nf3 d6 3. d4 cxd4 4. Nxd4 Nf6 5. Nc3 a6 6. h3 e6 7. g4 b5 8. a3 Bb7
9. Bg2 h6 10. Be3 Nbd7 11. Qe2 Rc8 12. O-O Nc5 13. Bd2 Be7 14. Rad1 Qc7 15. f4
Nfd7 16. Be1 Nb6 17. h4 Nca4 18. g5 hxg5 19. hxg5 Nxc3 20. bxc3 g6 21. Rd3 e5
22. fxe5 dxe5 23. Bg3 Bc5 24. Qf2 Rh7 25. Bh3 Qe7 26. Bxc8 Nxc8 27. Qf6 Qxf6
28. gxf6 Rh5 29. Bf2 Bxe4 30. Nf3 Bxf2+ 31. Kxf2 Bxd3 32. cxd3 Rf5 33. Re1 Rxf6
34. Rxe5+ Kd7 35. a4 Nd6 36. axb5 axb5 37. Kg3 Rf5 38. Re2 Rc5 39. Rc2 Nf5+ 40.
Kf4 f6 41. d4 Rc4 42. Ke4 b4 43. Kd3 Rxc3+ 44. Rxc3 bxc3 45. Kxc3 Kc6 46. Kc4
Nd6+ 47. Kd3 Kd5 48. Nh2 f5 49. Nf3 Ke6 50. Ke3 Kf6 51. Kf4 Nf7 52. Nd2 g5+ 53.
Kf3 Ke6 54. Nc4 Nd6 55. Ne3 Nb5 56. d5+ Ke5 57. Kf2 Nc3 58. d6 Ne4+ 0-1

[Event "Liga Madrileña - DH 2014-2015"]
[Site "Madrid ESP"]
[Date "2015.03.08"]
[Round "13.22"]
[White "Bass, Leonid"]
[Black "Nieto de la Cruz, Julio"]
[Result "1-0"]
[WhiteElo "2391"]
[BlackElo "2178"]
[PlyCount "59"]
[EventDate "2014.11.23"]
[EventType "team-tourn"]
[EventRounds "14"]
[EventCountry "ESP"]
[Source "lmi"]
[SourceDate "2014.11.23"]
[WhiteTeam "La Casa del Ajedrez"]
[BlackTeam "Pueblo Nuevo"]
[WhiteTeamCountry "ESP"]
[BlackTeamCountry "ESP"]

1. d4 g6 2. c4 Bg7 3. e4 c5 4. d5 d6 5. h3 b5 6. cxb5 a6 7. Nc3 Nf6 8. Nf3 O-O
9. a4 Nbd7 10. Bd3 axb5 11. Bxb5 Ba6 12. Qe2 Nxe4 13. Qxe4 Bxc3+ 14. bxc3 Bxb5
15. Ra3 Nf6 16. Qh4 Bd7 17. Ng5 h5 18. c4 Rxa4 19. Rxa4 Bxa4 20. O-O Qd7 21.
Bb2 Qf5 22. Re1 Bb3 23. Nf3 Ra8 24. Nd2 g5 25. Qg3 Bxc4 26. Bxf6 exf6 27. Nxc4
Qxd5 28. Nxd6 Qd2 29. Rf1 Ra4 30. Qb3 1-0

[Event "Liga Madrileña - DH 2014-2015"]
[Site "Madrid ESP"]
[Date "2015.03.08"]
[Round "13.23"]
[White "Iturbide Arnedo, Oscar"]
[Black "Suarez Uriel, Adrian"]
[Result "1-0"]
[WhiteElo "2168"]
[BlackElo "2283"]
[PlyCount "139"]
[EventDate "2014.11.23"]
[EventType "team-tourn"]
[EventRounds "14"]
[EventCountry "ESP"]
[Source "lmi"]
[SourceDate "2014.11.23"]
[WhiteTeam "Pueblo Nuevo"]
[BlackTeam "La Casa del Ajedrez"]
[WhiteTeamCountry "ESP"]
[BlackTeamCountry "ESP"]

1. e4 d6 2. d4 g6 3. Nc3 Bg7 4. f4 a6 5. a4 Nd7 6. Nf3 c5 7. d5 Nh6 8. Ng5 O-O
9. Be2 Bd4 10. Nf3 Bg7 11. Ng5 Bd4 12. Nf3 Bh8 13. Ng5 Qa5 14. Ra3 f5 15. Bd2
Nf6 16. e5 dxe5 17. fxe5 Nfg4 18. Nf3 Nf7 19. e6 Nd6 20. h3 Ne5 21. Nxe5 Bxe5
22. O-O Qb4 23. Nb5 Qh4 24. Nxd6 Bxd6 25. c4 Qd4+ 26. Kh1 Qe5 27. Bf4 Qxb2 28.
Bxd6 Qxa3 29. Bxe7 Re8 30. Bf6 Qe3 31. Bf3 Qh6 32. h4 Qf8 33. Qa1 b5 34. d6
Bxe6 35. Bxa8 Rxa8 36. Rc1 Qxd6 37. Bh8 Ra7 38. axb5 a5 39. Rd1 Qf8 40. Bf6 Rd7
41. Rxd7 Bxd7 42. Bc3 Be6 43. Qxa5 Bxc4 44. b6 Bd5 45. Qa7 Qh6 46. Qb8+ Kf7 47.
Qc7+ Ke8 48. Bf6 Qf8 49. Bg5 Be4 50. b7 Bxb7 51. Qxb7 Qd6 52. Qxh7 Qd1+ 53. Kh2
Qd6+ 54. g3 Qe6 55. Qh8+ Kf7 56. Qb2 c4 57. Bf4 Qc6 58. Be5 Qe4 59. Bc3 Qf3 60.
Qd2 Ke6 61. Qd4 Qf1 62. Qe5+ Kd7 63. Qd5+ Kc8 64. Qd4 Kc7 65. Qf4+ Qxf4 66.
gxf4 Kd6 67. Kg3 Kd5 68. Kf3 Kc5 69. Ke3 Kb5 70. Kd4 1-0

[Event "Liga Madrileña - DH 2014-2015"]
[Site "Madrid ESP"]
[Date "2015.03.08"]
[Round "13.24"]
[White "Collado Barbas, Laura"]
[Black "Navarro Nicolas, Victor Manuel"]
[Result "1-0"]
[WhiteElo "2132"]
[BlackElo "2156"]
[PlyCount "73"]
[EventDate "2014.11.23"]
[EventType "team-tourn"]
[EventRounds "14"]
[EventCountry "ESP"]
[Source "lmi"]
[SourceDate "2014.11.23"]
[WhiteTeam "La Casa del Ajedrez"]
[BlackTeam "Pueblo Nuevo"]
[WhiteTeamCountry "ESP"]
[BlackTeamCountry "ESP"]

1. d4 Nf6 2. c4 g6 3. Nc3 d5 4. Nf3 Bg7 5. Bg5 Ne4 6. cxd5 Nxg5 7. Nxg5 O-O 8.
Nf3 c6 9. e3 cxd5 10. Qb3 e6 11. Rc1 Nc6 12. a3 Qa5 13. Qa2 e5 14. b4 Qd8 15.
Nxd5 Be6 16. Bc4 exd4 17. e4 Ne5 18. Nxe5 Bxe5 19. O-O Rc8 20. Rcd1 a6 21. Bb3
b5 22. Rd3 Bxd5 23. Bxd5 Rc3 24. Rfd1 Qc7 25. g3 g5 26. Qe2 Rxd3 27. Rxd3 Kg7
28. Qg4 h6 29. f4 Qc1+ 30. Rd1 Qe3+ 31. Kg2 Bb8 32. fxg5 hxg5 33. h4 Rc8 34.
Rf1 f6 35. Qd7+ Kh6 36. Rxf6+ Kh5 37. g4+ 1-0

[Event "Liga Madrileña - DH 2014-2015"]
[Site "Madrid ESP"]
[Date "2015.03.08"]
[Round "13.25"]
[White "Barez Menendez, Hector"]
[Black "Unciti Juan, Javier"]
[Result "1-0"]
[WhiteElo "2144"]
[BlackElo "2110"]
[PlyCount "81"]
[EventDate "2014.11.23"]
[EventType "team-tourn"]
[EventRounds "14"]
[EventCountry "ESP"]
[Source "lmi"]
[SourceDate "2014.11.23"]
[WhiteTeam "Pueblo Nuevo"]
[BlackTeam "La Casa del Ajedrez"]
[WhiteTeamCountry "ESP"]
[BlackTeamCountry "ESP"]

1. d4 e6 2. Nf3 Nf6 3. c4 c5 4. Nc3 d5 5. cxd5 exd5 6. g3 Nc6 7. Bg2 Be7 8. O-O
O-O 9. dxc5 Bxc5 10. Na4 Be7 11. Be3 Re8 12. Rc1 Qa5 13. a3 Bg4 14. b4 Qa6 15.
Re1 b5 16. Nc3 Rad8 17. a4 Bxb4 18. axb5 Qa5 19. Ra1 Qc7 20. Bd2 Ne5 21. Nb1
Bc5 22. Ba5 Bb6 23. Bxb6 Qxb6 24. Nd4 Rc8 25. Ra6 Qc5 26. Na3 Rc7 27. Ra4 Nc4
28. Nb3 Qe7 29. Nxc4 dxc4 30. Nc1 Bd7 31. Bc6 Bxc6 32. bxc6 Rxc6 33. Qd4 Rd8
34. Qxa7 Qe5 35. Qa5 Qd6 36. Qc3 Ne4 37. Qc2 Qd5 38. Na2 Qf5 39. e3 h5 40. f4
Rd2 41. Qb1 1-0

[Event "Liga Madrileña - DH 2014-2015"]
[Site "Madrid ESP"]
[Date "2015.03.08"]
[Round "13.31"]
[White "Arribas Lopez, Angel"]
[Black "Valles Moreno, Ivan"]
[Result "1-0"]
[WhiteElo "2537"]
[BlackElo "2391"]
[PlyCount "95"]
[EventDate "2014.11.23"]
[EventType "team-tourn"]
[EventRounds "14"]
[EventCountry "ESP"]
[Source "lmi"]
[SourceDate "2014.11.23"]
[WhiteTeam "Collado Villalba"]
[BlackTeam "Liberty Chess"]
[WhiteTeamCountry "ESP"]
[BlackTeamCountry "ESP"]

1. e4 g6 2. d4 d6 3. Bc4 Bg7 4. Nf3 Nc6 5. O-O Nf6 6. Qe2 Bg4 7. Rd1 O-O 8. h3
Bxf3 9. Qxf3 Nd7 10. c3 e5 11. Be3 Kh8 12. Bb5 a6 13. Bxc6 bxc6 14. Na3 Qh4 15.
Qg4 Qe7 16. dxe5 Nxe5 17. Qe2 Nd7 18. Qc4 c5 19. Re1 Rfb8 20. Rab1 Nb6 21. Qd3
Qe6 22. b3 Re8 23. Bd2 f5 24. exf5 Qxf5 25. Qxf5 gxf5 26. c4 Kg8 27. Ba5 Kf7
28. Nc2 Bh6 29. g3 Rad8 30. Kg2 d5 31. cxd5 Rxd5 32. Rxe8 Kxe8 33. Re1+ Kd7 34.
Re2 f4 35. g4 Rd3 36. Ne1 f3+ 37. Nxf3 Bf4 38. Bxb6 cxb6 39. Re4 Bd6 40. Ng5
Rd2 41. Nxh7 b5 42. g5 c4 43. Nf6+ Kc6 44. bxc4 Rxa2 45. Re6 bxc4 46. g6 Ra5
47. Ne4 Kd5 48. g7 1-0

[Event "Liga Madrileña - DH 2014-2015"]
[Site "Madrid ESP"]
[Date "2015.03.08"]
[Round "13.32"]
[White "Perez Gonzalez, Jose Manuel"]
[Black "Moreno Ruiz, Javier"]
[Result "1/2-1/2"]
[WhiteElo "2349"]
[BlackElo "2430"]
[PlyCount "103"]
[EventDate "2014.11.23"]
[EventType "team-tourn"]
[EventRounds "14"]
[EventCountry "ESP"]
[Source "lmi"]
[SourceDate "2014.11.23"]
[WhiteTeam "Liberty Chess"]
[BlackTeam "Collado Villalba"]
[WhiteTeamCountry "ESP"]
[BlackTeamCountry "ESP"]

1. e4 c5 2. Nf3 Nc6 3. d4 cxd4 4. Nxd4 g6 5. c4 Bg7 6. Be3 Nf6 7. Nc3 O-O 8.
Be2 d6 9. O-O Bd7 10. Qd2 Nxd4 11. Bxd4 Bc6 12. f3 a5 13. Nd5 Nd7 14. Bxg7 Kxg7
15. Kh1 Nc5 16. b3 e5 17. Rad1 Bxd5 18. Qxd5 Ra6 19. f4 Qe7 20. f5 f6 21. Bd3
Qf7 22. Bc2 Qxd5 23. Rxd5 Kf7 24. Rfd1 Ke7 25. Kg1 Rb6 26. Rb1 Rc8 27. Kf2 a4
28. Rdd1 axb3 29. axb3 Na6 30. Ra1 Nb4 31. Bd3 Ra6 32. Rxa6 bxa6 33. Ke3 Rb8
34. Rb1 a5 35. Kd2 Kd7 36. Kc3 Kc6 37. Rd1 Kc5 38. fxg6 hxg6 39. Be2 Rh8 40. h3
Rh4 41. Bg4 Rh8 42. Ra1 Ra8 43. Rf1 a4 44. bxa4 Rxa4 45. Rxf6 Ra3+ 46. Kd2 Ra2+
47. Ke3 Rxg2 48. Rxg6 Nc2+ 49. Kf3 Ne1+ 50. Ke3 Nc2+ 51. Kf3 Ne1+ 52. Ke3
1/2-1/2

[Event "Liga Madrileña - DH 2014-2015"]
[Site "Madrid ESP"]
[Date "2015.03.08"]
[Round "13.33"]
[White "Ortega Ruiz, Jose Miguel"]
[Black "Fernandez Garcia, Miguel Angel"]
[Result "0-1"]
[WhiteElo "2339"]
[BlackElo "2341"]
[PlyCount "94"]
[EventDate "2014.11.23"]
[EventType "team-tourn"]
[EventRounds "14"]
[EventCountry "ESP"]
[Source "lmi"]
[SourceDate "2014.11.23"]
[WhiteTeam "Collado Villalba"]
[BlackTeam "Liberty Chess"]
[WhiteTeamCountry "ESP"]
[BlackTeamCountry "ESP"]

1. d4 c5 2. d5 e5 3. e4 d6 4. f4 Nf6 5. Nc3 a6 6. a4 Qa5 7. Bd2 exf4 8. Qf3
Nbd7 9. Qxf4 Ne5 10. Nf3 Ng6 11. Qg3 Be7 12. Bd3 O-O 13. O-O Qc7 14. b3 b6 15.
Ne2 Rb8 16. Nf4 b5 17. axb5 axb5 18. Ba5 Qd7 19. e5 Nxe5 20. Nxe5 dxe5 21. Nh3
b4 22. Qxe5 Bd6 23. Qg5 Qg4 24. Qxg4 Bxg4 25. Nf2 Bd7 26. Ne4 Nxe4 27. Bxe4 Rb7
28. c3 Ra8 29. cxb4 cxb4 30. Bxb4 Rxa1 31. Bxd6 Rxf1+ 32. Kxf1 Rxb3 33. Ke2
Bb5+ 34. Kd2 Bd7 35. Bc5 f5 36. Bf3 g5 37. d6 Rb5 38. Ba3 Ra5 39. Bb4 Ra2+ 40.
Ke3 Kg7 41. Kd4 Kf6 42. Kc5 Rc2+ 43. Kb6 Ke5 44. Bc5 g4 45. Bc6 Bxc6 46. Kxc6
Ke6 47. g3 Rxh2 0-1

[Event "Liga Madrileña - DH 2014-2015"]
[Site "Madrid ESP"]
[Date "2015.03.08"]
[Round "13.35"]
[White "Bermejo Arruego, Luis"]
[Black "Hinojar Diez, David"]
[Result "1/2-1/2"]
[WhiteElo "2174"]
[BlackElo "2164"]
[PlyCount "128"]
[EventDate "2014.11.23"]
[EventType "team-tourn"]
[EventRounds "14"]
[EventCountry "ESP"]
[Source "lmi"]
[SourceDate "2014.11.23"]
[WhiteTeam "Collado Villalba"]
[BlackTeam "Liberty Chess"]
[WhiteTeamCountry "ESP"]
[BlackTeamCountry "ESP"]

1. e4 e5 2. Nf3 Nc6 3. Nc3 Bc5 4. Nxe5 Nxe5 5. d4 Bd6 6. dxe5 Bxe5 7. f4 Bxc3+
8. bxc3 Qe7 9. Qd4 Nf6 10. Bd3 c5 11. Qe5 Qxe5 12. fxe5 Ng8 13. Be3 b6 14. O-O
Ne7 15. Bc4 O-O 16. Rxf7 Rxf7 17. Rf1 Ba6 18. Bxf7+ Kh8 19. Rd1 Bb5 20. e6 dxe6
21. Bxe6 Ng6 22. Bg5 Rf8 23. Bf5 Re8 24. Kf2 Ne5 25. Rd8 Kg8 26. Rxe8+ Bxe8 27.
Bf4 Nc6 28. Ke3 Kf7 29. Bc7 g6 30. Bc8 Kf6 31. h4 h6 32. Bd6 Ne5 33. Bf8 Nc4+
34. Kf2 Bc6 35. Bxh6 Bxe4 36. Bg5+ Ke5 37. Ba6 Na3 38. Bd3 c4 39. Bxe4 Kxe4 40.
g4 b5 41. Bc1 Nxc2 42. h5 gxh5 43. gxh5 Kf5 44. Ke2 b4 45. cxb4 Nxb4 46. a3 Nd5
47. Kd1 Nf6 48. h6 Kg6 49. Kc2 Ne4 50. Be3 a6 51. a4 Nf6 52. Bc1 Ne4 53. Be3
Nf6 54. Bd2 Nd5 55. Kb2 c3+ 56. Bxc3 Kxh6 57. Bd4 Kg6 58. Kb3 Kf7 59. Kc4 Ke6
60. Kc5 Kd7 61. Kxd5 Kc8 62. Kc6 Kb8 63. Be5+ Ka8 64. Kc7 a5 1/2-1/2